00313nam a2200109Ia 4500008004100000100005300041245004700094250001200141260002500153300000800178650001700186190216s9999||||xx |||||||||||||| ||und|| a"Manicavachagom Pillay, Natarajan Nad Ganapathy" 0aAtext Book Of Analytical Geometry For B.Sc a1st Ed. bS Vishwanathanc2000 a426 aMathe Matics